| 000 | 01153nam a22003015i 4500 | ||
|---|---|---|---|
| 001 | 178560 | ||
| 003 | ES-MaACL | ||
| 005 | 20250811062538.0 | ||
| 008 | 110607s1983 sp |||| | spa d | ||
| 020 | _a84-7483-394-9 | ||
| 080 | _a821.134.2-2 | ||
| 245 | 0 | 0 |
_aTeatro español. _nIX. |
| 260 |
_aMadrid : _bMinisterio de Cultura, Subdirección General de Estudios y Coordinación, _c[1983] |
||
| 300 |
_a279 p. ; _c21 cm. |
||
| 505 | 8 | _aContiene: Los melindres de Belisa / Lope de Vega. El gran teatro del mundo / Pedro Calderón de la Barca. Entre bobos anda el juego / Francisco de Rojas | |
| 650 | 4 |
_aTeatro español- _yS.XVI-XVII. _917350 |
|
| 650 | 1 | 4 |
_a _9239582 |
| 700 | 1 |
_aVega, Lope de, _d1562-1635 _9113563 _eaut |
|
| 700 | 1 |
_aCalderón de la Barca, Pedro, _d1600-1681 _9239594 _eaut |
|
| 700 | 1 |
_aRojas Zorrilla, Francisco de, _d1607-1648 _999085 _eaut |
|
| 710 | 1 |
_aEspaña. _bMinisterio de Cultura _93850 |
|
| 740 | 4 | 2 | _aLos melindres de Belisa. |
| 740 | 3 | 2 | _aEl gran teatro del mundo. |
| 740 | 0 | 2 | _aEntre bobos anda el juego. |
| 852 |
_aES-MaACL _jE-15336 _xOlim P-247 |
||
| 942 | _2udc | ||
| 999 |
_c178560 _d178560 |
||